000 00317 a2200169 4500
001 175450
020 _a978-85-02-07473-6
040 _cMagnum
100 _aLopes, Sônia
240 1 0 _aBio
_lpor
245 1 0 _aBio
300 _a783
362 0 _a2008
440 1 _aSaraiva
697 _aBIOLOGIA
942 _cBK
999 _c175450
_d175450